Дело о выкупе земельных наделов временнообязанными крестьянами Л.Д. Свищева села Церлева Елатомского уезда Тамбовской губернии

Доступно только в Электронных читальных залах Найти на картеНа карте
RUSMARC
00003939nmc2a2200000 x 450
0016ff1e55c-9555-4bc7-a591-1edba77e3e55
00520151113094810.0
100##$a20140410l18861886k l0rusy0189 ca
1010#$arus
102##$aRU
2001#$aДело о выкупе земельных наделов временнообязанными крестьянами Л.Д. Свищева села Церлева Елатомского уезда Тамбовской губернии
$j26 мая - 9 августа 1886 г.
251##$cДело
300##$aДело
300##$aОриг. заголовок дела: Дело Свищева Л.Д. Тамбовской губернии Елатомского уезда села Церлева. 26 мая 1886 г. - 9 августа 1886 г
801#0$aRU
$bРГИА
$c20140410
$gRCR
801#1$aRU
$bГлавНИВЦ
$c20140410
$2rusmarc
801#2$aRU
$bПБ им. Б.Н. Ельцина
$c20151113
$gRCR
$2rusmarc
850##$aРГИА
852##$aРГИА
$eФедеральное казенное учреждение "Российский государственный исторический архив" (РГИА)
$j350
937##$hРГИА
$d11112434
$aASBIBLIO_SCAN
462#0$10017c5e74c9-979b-46fc-b2dd-52a15592f082
$12001
$aДела Главного выкупного учреждения Министерства финансов по Тамбовской губернии
$1251
$cОпись
$1852
$j40
461#0$10018ef30ad5-ff5c-4840-a721-74c62a200f95
$12001
$aГлавное выкупное учреждение Министерства финансов (1861-1895)
$1251
$cФонд
$1852
$j577
215##$a22 л.
$d36,5х26 см
371##$aДокумент не является опубликованным и широко распространяемым
105##$ay###
1222#$ad
5171#$aДело Свищева Л.Д. Тамбовской губернии Елатомского уезда села Церлева. 26 мая 1886 г. - 9 августа 1886 г.
035##$a6ff1e55c-9555-4bc7-a591-1edba77e3e55
Формат отображения